00334nam a2200145Ia 4500008004100000020001400041041001200055082001100067100001500078245002900093260002900122300000800151650001400159700001500173221030s9999 xx 000 0 und d a817029826 aEnglish a105.23 aL. Purcell 4aThe ABC`s of Java Script bBPB PubaNew Delhic2007 a456 aComputers aM. J. Mara